<?xml version="1.0" encoding="UTF-8"?>
<record
    xmlns:xsi="http://www.w3.org/2001/XMLSchema-instance"
    xsi:schemaLocation="http://www.loc.gov/MARC21/slim http://www.loc.gov/standards/marcxml/schema/MARC21slim.xsd"
    xmlns="http://www.loc.gov/MARC21/slim">

  <leader>01240nam2a22002531  4500</leader>
  <controlfield tag="001">rc\4558934</controlfield>
  <controlfield tag="005">20260407110922.0</controlfield>
  <datafield tag="035" ind1=" " ind2=" ">
    <subfield code="a">(NLR Aleph) 008368212</subfield>
  </datafield>
  <datafield tag="090" ind1=" " ind2=" ">
    <subfield code="a">9041315</subfield>
    <subfield code="c">9041315</subfield>
  </datafield>
  <datafield tag="100" ind1=" " ind2=" ">
    <subfield code="a">20130416d1960    u  y0rusy50      ca</subfield>
  </datafield>
  <datafield tag="101" ind1="0" ind2=" ">
    <subfield code="a">rus</subfield>
  </datafield>
  <datafield tag="102" ind1=" " ind2=" ">
    <subfield code="a">RU</subfield>
  </datafield>
  <datafield tag="105" ind1=" " ind2=" ">
    <subfield code="a">a   z   |||a|</subfield>
  </datafield>
  <datafield tag="200" ind1="1" ind2=" ">
    <subfield code="a">[&#x41F;&#x44C;&#x435;&#x441;&#x44B;. 1928-1941</subfield>
    <subfield code="f">&#x41F;&#x440;&#x438;&#x43C;&#x435;&#x447;. &#x415;. &#x421;&#x443;&#x440;&#x43A;&#x43E;&#x432;&#x430;]</subfield>
  </datafield>
  <datafield tag="210" ind1=" " ind2=" ">
    <subfield code="a">&#x41C;&#x43E;&#x441;&#x43A;&#x432;&#x430;</subfield>
    <subfield code="c">&#x418;&#x441;&#x43A;&#x443;&#x441;&#x441;&#x442;&#x432;&#x43E;</subfield>
    <subfield code="d">1960</subfield>
  </datafield>
  <datafield tag="215" ind1=" " ind2=" ">
    <subfield code="a">481 &#x441;., 13 &#x43B;. &#x438;&#x43B;.</subfield>
    <subfield code="c">&#x438;&#x43B;.</subfield>
  </datafield>
  <datafield tag="461" ind1=" " ind2="0">
    <subfield code="1">001rc\4558933</subfield>
    <subfield code="1">2001#$a&#x422;&#x435;&#x430;&#x442;&#x440;$e&#x414;&#x440;&#x430;&#x43C;. &#x43F;&#x440;&#x43E;&#x438;&#x437;&#x432;&#x435;&#x434;&#x435;&#x43D;&#x438;&#x44F;. &#x421;&#x442;&#x430;&#x442;&#x44C;&#x438;. &#x420;&#x435;&#x447;&#x438;$e&#x412; 2 &#x442;.$f[&#x41E;&#x431;&#x449;&#x430;&#x44F; &#x440;&#x435;&#x434;. &#x438; &#x432;&#x441;&#x442;&#x443;&#x43F;. &#x441;&#x442;&#x430;&#x442;&#x44C;&#x44F; &#x415;. &#x421;&#x443;&#x440;&#x43A;&#x43E;&#x432;&#x430;]. &#x422;. 1-2$v&#x422;. 1</subfield>
    <subfield code="1">700#1$a&#x41B;&#x435;&#x43E;&#x43D;&#x43E;&#x432;$b&#x41B;.&#x41C;.$g&#x41B;&#x435;&#x43E;&#x43D;&#x438;&#x434; &#x41C;&#x430;&#x43A;&#x441;&#x438;&#x43C;&#x43E;&#x432;&#x438;&#x447;$f1899-1994$c&#x43F;&#x438;&#x441;&#x430;&#x442;&#x435;&#x43B;&#x44C;$3RU\NLR\AUTH\7731130</subfield>
    <subfield code="9">9041310</subfield>
    <subfield code="a">&#x41B;&#x435;&#x43E;&#x43D;&#x43E;&#x432;, &#x41B;.&#x41C;. (&#x43F;&#x438;&#x441;&#x430;&#x442;&#x435;&#x43B;&#x44C; ; 1899-1994)</subfield>
    <subfield code="c">&#x41C;&#x43E;&#x441;&#x43A;&#x432;&#x430;</subfield>
    <subfield code="d">1960</subfield>
    <subfield code="f">[&#x41E;&#x431;&#x449;&#x430;&#x44F; &#x440;&#x435;&#x434;. &#x438; &#x432;&#x441;&#x442;&#x443;&#x43F;. &#x441;&#x442;&#x430;&#x442;&#x44C;&#x44F; &#x415;. &#x421;&#x443;&#x440;&#x43A;&#x43E;&#x432;&#x430;]. &#x422;. 1-2</subfield>
    <subfield code="n">&#x418;&#x441;&#x43A;&#x443;&#x441;&#x441;&#x442;&#x432;&#x43E;</subfield>
    <subfield code="o">&#x414;&#x440;&#x430;&#x43C;. &#x43F;&#x440;&#x43E;&#x438;&#x437;&#x432;&#x435;&#x434;&#x435;&#x43D;&#x438;&#x44F;. &#x421;&#x442;&#x430;&#x442;&#x44C;&#x438;. &#x420;&#x435;&#x447;&#x438; : &#x412; 2 &#x442;.</subfield>
    <subfield code="p">2 &#x442;.</subfield>
    <subfield code="t">&#x422;&#x435;&#x430;&#x442;&#x440;</subfield>
    <subfield code="v">&#x422;. 1</subfield>
  </datafield>
  <datafield tag="702" ind1=" " ind2="1">
    <subfield code="a">&#x421;&#x443;&#x440;&#x43A;&#x43E;&#x432;</subfield>
    <subfield code="b">&#x415;.</subfield>
    <subfield code="4">212</subfield>
  </datafield>
  <datafield tag="801" ind1=" " ind2="0">
    <subfield code="a">RU</subfield>
    <subfield code="b">NLR</subfield>
    <subfield code="g">psbo</subfield>
  </datafield>
  <datafield tag="801" ind1=" " ind2="1">
    <subfield code="a">RU</subfield>
    <subfield code="b">ELAR</subfield>
    <subfield code="2">rusmarc</subfield>
  </datafield>
  <datafield tag="852" ind1=" " ind2=" ">
    <subfield code="a">NLR</subfield>
    <subfield code="j">61-3/1281</subfield>
  </datafield>
  <datafield tag="942" ind1=" " ind2=" ">
    <subfield code="c">BOOK</subfield>
  </datafield>
  <datafield tag="980" ind1=" " ind2=" ">
    <subfield code="a">NB</subfield>
  </datafield>
  <datafield tag="995" ind1=" " ind2=" ">
    <subfield code="5">2013-10-26</subfield>
    <subfield code="b">NLR01</subfield>
    <subfield code="c">NLR01</subfield>
    <subfield code="e">RF31</subfield>
    <subfield code="f">8368212-10</subfield>
    <subfield code="k">61-3/1281</subfield>
    <subfield code="o">0</subfield>
    <subfield code="r">BOOK</subfield>
    <subfield code="s">6131281_</subfield>
  </datafield>
  <datafield tag="995" ind1=" " ind2=" ">
    <subfield code="5">2014-01-29</subfield>
    <subfield code="b">NLR01</subfield>
    <subfield code="c">NLR01</subfield>
    <subfield code="e">OZ2</subfield>
    <subfield code="f">1-279428</subfield>
    <subfield code="k">&#x41B;1 &#x428;6(2=&#x420;)7/&#x41B;-476</subfield>
    <subfield code="o">0</subfield>
    <subfield code="p">1.27</subfield>
    <subfield code="r">BOOK</subfield>
    <subfield code="s">1_627476</subfield>
  </datafield>
</record>
